Curas obreros (Record no. 178447)

MARC details
000 -LEADER
campo de control de longitud fija 01031nam a2200265 4500
001 - NÚMERO DE CONTROL
campo de control 178447
003 - IDENTIFICADOR DE NÚMERO DE CONTROL
campo de control ES-MaACL
005 - FECHA Y HORA DE LA ÚLTIMA TRANSACCIÓN
campo de control 20230903110000.0
008 - DATOS DE LONGITUD FIJA--INFORMACIÓN GENERAL
campo de control de longitud fija 110527s2009 sp aco |||| |cspa d
020 ## - NÚMERO INTERNACIONAL ESTÁNDAR DEL LIBRO
Número Internacional Estándar del Libro 978-84-96806-78-8
080 ## - NÚMERO DE LA CLASIFICACIÓN DECIMAL UNIVERSAL
Número de la Clasificación Decimal Universal 929(460.357):254.3:331
245 00 - MENCIÓN DEL TÍTULO
Título Curas obreros
Resto del título : la cruz y el martillo /
Mención de responsabilidad, etc. Antonio Quitián González, Ángel Aguado Fajardo, Manuel Ganivet Zarcos, José Ganivet Zarcos ; edición preparada por José Rodríguez Molina.
260 ## - PUBLICACIÓN, DISTRIBUCIÓN, ETC.
Lugar de publicación, distribución, etc. Alcalá la Real (Jaén) :
Nombre del editor, distribuidor, etc. Zumaque,
Fecha de publicación, distribución, etc. 2009.
300 ## - DESCRIPCIÓN FÍSICA
Extensión 412 p. :
Otras características físicas il., fot. ;
Dimensiones 21 cm.
490 1# - MENCIÓN DE SERIE
Mención de serie Historia ;
Designación de volumen o secuencia 3
650 #7 - PUNTO DE ACCESO ADICIONAL DE MATERIA--TÉRMINO DE MATERIA
Término de materia o nombre geográfico como elemento de entrada Sacerdotes obreros-
Subdivisión geográfica Granada (Provincia)
9 (RLIN) 146800
650 #4 - PUNTO DE ACCESO ADICIONAL DE MATERIA--TÉRMINO DE MATERIA
Término de materia o nombre geográfico como elemento de entrada Sacerdotes-
Subdivisión de forma Biografías.
9 (RLIN) 146802
700 1# - ENTRADA AGREGADA--NOMBRE PERSONAL
Nombre de persona Quitián González, Antonio.
9 (RLIN) 146801
700 1# - ENTRADA AGREGADA--NOMBRE PERSONAL
Nombre de persona Molina Rodríguez, José.
9 (RLIN) 81963
830 0# - PUNTO DE ACCESO ADICIONAL DE SERIE-TÍTULO UNIFORME
Título uniforme Historia ;
Designación de volumen o secuencia 3
9 (RLIN) 177536
852 ## - LOCALIZACIÓN
Ubicación ES-MaACL
itemnumber 185307
Sublocalización o colección R.145583
Número de control de estantería A-11255
Signatura antigua Olim: N-4259
Ubicación en estantería Depósito 1
942 ## - ELEMENTOS DE ENTRADA SECUNDARIOS (KOHA)
Fuente del sistema de clasificación o colocación Clasificación decimal universal
Tipo de ítem Koha Libro impreso
Holdings
Estatus retirado Estado de pérdida Fuente del sistema de clasificación o colocación Estado de daño No para préstamo Biblioteca de origen Biblioteca actual Ubicación en estantería Fecha de adquisición Fuente de adquisición Total de préstamos Signatura topográfica completa Código de barras Visto por última vez Precio de reemplazo Tipo de ítem Koha
    Clasificación decimal universal     Biblioteca del Ateneo de Madrid Biblioteca del Ateneo de Madrid Depósito 1 27/05/2011 Compra   A-11255 1187448 23/02/2023 23/02/2023 Libro impreso